El delito de giro doloso de cheques: ante la doctrina nacional, el derecho comparado y jurisprudencia

Na minha lista:
Detalhes bibliográficos
Autor principal: Silva Silva, Hernán Octavio (Author)
Formato: Livro
Idioma:espanhol
Publicado em: Santiago Metropolitana 2014
Edição:5a. ed
Assuntos:
Tags: Adicionar Tag
Sem tags, seja o primeiro a adicionar uma tag!

MARC

LEADER 00000cam a2200000 a 4500
001 UCE6948
003 CL-VaPUC
005 20220323134150.0
008 150514e20141200cl |||||||||||||||||spa|d
999 |c 359113  |d 359111 
020 |a 9789562861861 
040 |c Pontificia Universidad Católica de Valparaíso 
082 0 4 |a 364.168 SIL 2014  |2 21 
100 0 |a Silva Silva, Hernán Octavio  |e author  |9 579656 
245 1 3 |a El delito de giro doloso de cheques: ante la doctrina nacional, el derecho comparado y jurisprudencia 
250 |a 5a. ed 
260 |a Santiago  |b Metropolitana  |c 2014 
300 |a 741 p 
500 |a Con jurisprudencia actualizada en especial de la reforma procesal penal 
583 |a last modification  |c 20150514 13:01:00  |k Rodrigo Vera 
650 0 |a Delitos  |9 224143 
650 0 |a Cheques  |9 254910 
650 7 |a DELITOS SOBRE CHEQUES  |2 CL-VaPUC  |9 377305 
650 7 |a DERECHO PENAL  |2 CL-VaPUC  |9 11 
650 7 |a GIRO DOLOSO DE CHEQUES  |2 CL-VaPUC  |9 383497 
650 0 |a Penas   |9 255927 
942 |c BK  |2 ddc 
945 |d 20150514 13:01:00  |a arojas 
952 |0 0  |1 0  |3 erd  |4 0  |6 364_168000000000000_SIL_2014  |7 0  |8 A  |9 468143  |a BIBDER  |b BIBDER  |i 5149584  |o 364.168 SIL 2014  |p 5149584  |r 2023-01-25  |w 2019-11-23  |y BK  |z Catalogado en:20150514  |k DER